000 00669nam a2200253Ia 4500
003 OSt
005 20221007075455.0
006 a|||||r|||| 00| 0
007 ta
008 221006b |||||||| |||| 00| 0 eng d
020 _a8180380440
024 _a2,391
037 _cTextual
040 _aFLL
_cFLL
_beng
041 _2eng
_aeng
082 _aZ2,985, P3
100 _aFaizi O.P. Au.
245 0 _aNegotiable instruments act
250 _a9th
260 _aNew Delhi
_bLexisNexis Butterworths India
_c2003
650 _aNegotiable instruments act
_9393418
942 _hZ2,985, P3
_cTEXL
_2CC
999 _c1156213
_d1156213